LIBRARY & INFORMATION CENTRE, KCAET, TAVANUR

ONLINE PUBLIC ACCESS CATALOGUE (OPAC)

Meri mukthi ki kahani / (Record no. 2950)

MARC details
000 -LEADER
fixed length control field 00479cam a2200193ua 4500
041 ## - LANGUAGE CODE
Language code of text/sound track or separate title hin
082 ## - DEWEY DECIMAL CLASSIFICATION NUMBER
Classification number 891.43
Item number RAM/ME
100 ## - MAIN ENTRY--AUTHOR NAME
Personal name Ramanath suman, .
245 ## - TITLE STATEMENT
Title Meri mukthi ki kahani /
250 ## - EDITION STATEMENT
Edition statement 5 /
260 ## - PUBLICATION, DISTRIBUTION, ETC. (IMPRINT)
Place of publication New Delhi :
Name of publisher Satya Prakshan ,
Year of publication 1955.
300 ## - PHYSICAL DESCRIPTION
Number of Pages 171 ; .
700 1# - ADDED ENTRY--PERSONAL NAME
Personal name Parameswari dayal vidhyat, .
942 ## - ADDED ENTRY ELEMENTS (KOHA)
Koha item type Books
Holdings
Withdrawn status Lost status Damaged status Home library Current library Date acquired Full call number Accession Number Koha item type
Withdrawn     KAUAET Sanskrit University 07/04/2012 891.43 2058 Books
free website counter